00730nam a2200229 4500003001100000005001700011008004100028020001500069040003900084041000800123082001600131100002400147245005200171250001200223260003400235300007200269650002800341650001800369942000700387952009100394999001500485LK-CoMWRAF20231109132436.0230829b2002 |||||||| |||| 00| 0 eng d a0072405449 aLK-CoMWRAFdLK-CoMWRAFeLK-CoMWRAF aeng a306.85bCHE aCherlin, Andrew J.  aPublic and private families :b an introduction a3rd ed. aNew York:bMcGraw-Hill;c2002 a xxix, 564 p. : col. ill. ; 26 cm.bBibliography and index included aFAMILIES- United States aFamily policy cBK 00104070aMAINbMAINd2023-10-24l0o306.85 CHEpRAF1841r2023-10-24w2023-10-24yBK c3300d3300